| 000 | 00547nam a2200181 4500 | ||
|---|---|---|---|
| 082 | 0 | 0 |
_a658.5421 _bNIE _cL-6, P-96 |
| 100 | 1 |
_aNiebel, Benjamin W. _92476 |
|
| 245 | 1 | 0 |
_aMotion and time study _c[by] Benjamin W. Niebel. |
| 250 | _a5th ed. | ||
| 260 |
_aHomewood, Ill., _bR. D. Irwin, _c1972. |
||
| 300 |
_axii, 709 p. _billus. _c24 cm. |
||
| 490 | 0 | _aThe Irwin series in management | |
| 526 |
_a0 _b0 _c0 _d658_542100000000000_NIE |
||
| 650 | 0 |
_aMotion study. _935800 |
|
| 650 | 0 |
_aTime study. _935801 |
|
| 650 | 0 |
_aWages. _944725 |
|
| 942 |
_2ddc _cBK |
||
| 999 |
_c548434 _d548434 |
||